Bajo la red /

Uloženo v:
Podrobná bibliografie
Hlavní autor: Murdoch, Iris (autor)
Médium: Kniha
Jazyk:španělština
Vydáno: Madrid, España : Impedimenta, 2018, c2018
Témata:
Tagy: Přidat tag
Žádné tagy, Buďte první, kdo vytvoří štítek k tomuto záznamu!

MARC

LEADER 00000nam^a2200000^a^4500
001 000456721
005 20250521000000.0
009 20260310124025.491
020 |a 978-84-17115-89-0 
037 |a Acervo ITESO - Biblioteca 
041 |a ESP 
082 |a 823.  |b MUR 
100 |a Murdoch, Iris  |e (autor) 
245 1 0 |a Bajo la red /  |c I. Murdoch ; tr. por Javier Alfaya, Bárbara McShane. 
264 4 |a Madrid, España :  |b Impedimenta,  |c 2018, c2018 
300 |a 345 p. 
336 |a texto  |b txt  |2 rdacontenido 
337 |a sin mediación  |b n  |2 rdamedio 
338 |a volumen  |b nc  |2 rdasoporte 
500 |a Traducción de: Under the Net 
521 |a FIL 2022 DIA 
649 |a XX 
650 |a Escritores en la Literatura 
650 |a Novela Irlandesa 
650 |a Literatura Irlandesa -  |y Siglo XX 
650 |a Literatura de Mujeres -  |z Irlanda 
650 |a Literatura en Inglés 
650 |a Humor en la Literatura 
650 |a Etica en la Literatura 
650 |a Filosofía y Literatura 
650 |a Londres, Inglaterra en la Literatura 
910 |a Fondo General 
920 |a Impresos - Libros 
930 |a Colección General 
940 |a Literatura 
905 |a 101 
901 |a 0500387673  |b IT1  |c LIT  |i C180792  |u 20250521 
902 |a https://opac.biblio.iteso.mx/vufind/Record/000456721